=LDR 00000nam 2200000 4500 =001 INLIS000000000054191 =005 20191009102254 =035 ##$$a 0010-1019000007 =007 ta =008 191009###########################0###### =082 ##$$a 410.7 =084 ##$$a 410.7 RIT b =100 #$$a Rita H. Abubakar =245 1#$$a Bahasa dan Sastra Indonesia I B : $b SMK kelas 1 Cawu II Lanjutan dan III =260 ##$$a Bandung :$b Remaja Rosdakarya,$c 1995 =300 ##$$a v,93 hlm. =990 ##$$a 15071507 =990 ##$$a 00041097